Wszystkie kluby piłkarskie z top 5 lig 2019/20 - Statystyki

Ogólne statystyki
  • Ten quiz został rozwiązany 1 351 razy
  • Średni wynik to 46 z 98
Statystyki odpowiedzi
% Poprawnych
Barcelona
96%
Real Madryt
96%
Manchester City
90%
Manchester Utd
89%
PSG
87%
Atl. Madryt
86%
Leverkusen
86%
Liverpool
86%
Juventus
85%
Arsenal
84%
AC Milan
83%
Chelsea
83%
Dortmund
81%
Inter
81%
Bayern
80%
Tottenham
79%
Sevilla
76%
Napoli
74%
AS Roma
70%
Lyon
69%
Valencia
69%
Marsylia
65%
West Ham
65%
Monaco
62%
Everton
61%
Lazio
61%
Real Sociedad
60%
Ath. Bilbao
58%
Leicester
58%
Aston Villa
56%
Villareal
56%
RB Lipsk
54%
Schalke
54%
Southampton
53%
Wolves
53%
Atalanta
52%
Betis
52%
Newcastle
50%
Fiorentina
49%
Lille
49%
Sampdoria
48%
Brighton
47%
Genoa
47%
Hertha
47%
Wolfsburg
47%
Crystal Palace
46%
Norwich
46%
Torino
46%
Getafe
45%
Union Berlin
45%
Mönchengladbach
42%
Espanyol
41%
Burnley
40%
FC Köln
40%
Frankfurt
40%
Bremen
37%
Mallorca
37%
Watford
37%
Celta Vigo
36%
Sassuolo
36%
Levante
35%
Nice
35%
Parma
35%
Bournemouth
34%
Verona
34%
Rennes
33%
Sheffield Utd
33%
Bologna
32%
Granada
32%
Udinese
32%
Alaves
31%
Augsburg
31%
Nantes
31%
Bordeaux
30%
Mainz
30%
Cagliari
29%
Eibar
29%
Osasuna
29%
Freiburg
28%
Hoffenheim
27%
Spal
27%
Valladolid
27%
St. Etienne
25%
Montpellier
24%
Leganes
23%
Lecce
22%
Reims
22%
Strasbourg
22%
Brescia
21%
Dusseldorf
20%
Toulouse
19%
Angers
17%
Dijon
17%
Metz
16%
Paderborn
15%
Amiens
14%
Brest
14%
Nimes
13%
Nie znaleziono quizów pasujących do podanych kryteriów
Rozkład punktacji
Procent ludzi z każdym wynikiem
Percentyl według liczby udzielonych odpowiedzi
Twoja historia wyników
Nie rozwiązałeś tego quizu